| 000 | 00371cam a2200145ua 4500 | ||
|---|---|---|---|
| 003 | OSt | ||
| 008 | 250512b |||||||| |||| 00| 0 eng d | ||
| 041 | _aeng | ||
| 082 |
_a624.17 _bHAR/AD |
||
| 100 |
_aHarlog, Den J P . _97491 |
||
| 245 | _aAdvanced strength of materials / | ||
| 260 |
_aNew York : _bMcGraw Hill Book Company , _c1952. |
||
| 300 | _a379 ; . | ||
| 942 | _cBK | ||
| 999 |
_c9234 _d9234 |
||